Los medios de comunicación en República Dominicana : (Registro nro. 14420)
[ vista simple ]
| 000 -LEADER | |
|---|---|
| fixed length control field | 01055nam a2200277 a 4500 |
| 001 - CONTROL NUMBER | |
| control field | 000004486 |
| 003 - CONTROL NUMBER IDENTIFIER | |
| control field | DO-SdBNP |
| 005 - DATE AND TIME OF LATEST TRANSACTION | |
| control field | 20230713131917.0 |
| 008 - FIXED-LENGTH DATA ELEMENTS--GENERAL INFORMATION | |
| fixed length control field | 090723s2007 dr ab r 000 0 spa d |
| 020 ## - INTERNATIONAL STANDARD BOOK NUMBER | |
| Canceled/invalid ISBN | 9993422401 |
| 040 ## - CATALOGING SOURCE | |
| Original cataloging agency | DO-SdBNP |
| Language of cataloging | spa |
| Transcribing agency | BPMSU |
| 082 ## - DEWEY DECIMAL CLASSIFICATION NUMBER | |
| Classification number | 302.23097293 |
| Item number | C957m, 2007 |
| Edition number | 22 |
| 100 1# - MAIN ENTRY--PERSONAL NAME | |
| Personal name | Cruz Sánchez, Filiberto |
| 245 14 - TITLE STATEMENT | |
| Title | Los medios de comunicación en República Dominicana : |
| Remainder of title | desde el diario de Colón hasta los medios digitales / |
| Statement of responsibility, etc. | Filiberto Cruz Sánchez. |
| 250 ## - EDITION STATEMENT | |
| Edition statement | 3a. ed. mejorada y actualizada |
| 260 ## - PUBLICATION, DISTRIBUTION, ETC. (IMPRINT) | |
| Place of publication, distribution, etc. | Santo Domingo : |
| Name of publisher, distributor, etc. | El Nuevo Diario, |
| Date of publication, distribution, etc. | 2007. |
| 300 ## - PHYSICAL DESCRIPTION | |
| Extent | 274 p. : |
| Other physical details | il., maps. ; |
| Dimensions | 23 cm. |
| 504 ## - BIBLIOGRAPHY, ETC. NOTE | |
| Bibliography, etc | Bibliografía : p. 265-274 |
| 590 ## - LOCAL NOTE (RLIN) | |
| Local note | Inventariado, 2023/VM |
| 650 #4 - SUBJECT ADDED ENTRY--TOPICAL TERM | |
| Topical term or geographic name as entry element | Medios de comunicación de masas |
| Geographic subdivision | República Dominicana |
| General subdivision | Historia |
| 650 #4 - SUBJECT ADDED ENTRY--TOPICAL TERM | |
| Topical term or geographic name as entry element | Comunicación |
| Geographic subdivision | República Dominicana |
| General subdivision | Historia |
| 650 #4 - SUBJECT ADDED ENTRY--TOPICAL TERM | |
| Topical term or geographic name as entry element | Imprenta |
| Geographic subdivision | República Dominicana |
| General subdivision | Historia |
| 650 #4 - SUBJECT ADDED ENTRY--TOPICAL TERM | |
| Topical term or geographic name as entry element | Comunicaciones digitales |
| Geographic subdivision | República Dominicana |
| 910 ## - USER-OPTION DATA (OCLC) | |
| User-option data | VMateo V. Control de caldiad (BPMSU) |
| 942 ## - ADDED ENTRY ELEMENTS (KOHA) | |
| Source of classification or shelving scheme | Dewey Decimal Classification |
| Koha item type | Libros |
| Withdrawn status | Lost status | Source of classification or shelving scheme | Damaged status | Not for loan | Collection code | Home library | Current library | Date acquired | Total Checkouts | Full call number | Barcode | Date last seen | Price effective from | Koha item type |
|---|---|---|---|---|---|---|---|---|---|---|---|---|---|---|
| Dewey Decimal Classification | Colección Dominicana | Biblioteca Pública Metropolitana Salomé Ureña | Biblioteca Pública Metropolitana Salomé Ureña | 07/13/2023 | BPMSU CD 302.23097293 C957m, 2007 | BPMSU23070032 | 07/13/2023 | 07/13/2023 | Libros |